30 Second Quiz- Letter to Number - Statistics

General Stats
  • This quiz has been taken 42 times
  • The average score is 10 of 26
Answer Stats
Hint Answer % Correct
F 6
84%
B 2
74%
A 1
68%
E 5
63%
H 8
63%
C 3
58%
D 4
58%
L 12
53%
G 7
53%
J 10
47%
I 9
42%
K 11
37%
R 18
32%
X 24
32%
S 19
26%
U 21
26%
V 22
26%
Y 25
26%
M 13
21%
N 14
21%
O 15
21%
P 16
21%
Q 17
21%
T 20
16%
W 23
16%
Z 26
16%
No matching quizzes found
Score Distribution
Percent of People with Each Score
Percentile by Number Answered
Your Score History
You have not taken this quiz